Introducción a la Física.

Saved in:
Bibliografiske detaljer
Hovedforfatter: Maiztegui, Alberto P. (autor)
Andre forfattere: Sabato, Jorge A
Format: Bog
Sprog:spansk
Udgivet: Buenos Aires, Argentina Kapelusz 1996
Fag:
Tags: Tilføj Tag
Ingen Tags, Vær først til at tagge denne postø!

MARC

LEADER 00000nam a2200000 a 4500
001 UCT5332
003 CL-VaPUC
005 20240820155645.0
008 961206e19960000AG |||||||||||||||||spa|d
999 |c 254282  |d 254280 
040 |c Pontificia Universidad Católica de Valparaíso 
082 0 4 |a 530 MAI 1996  |2 21 
100 |a Maiztegui, Alberto P.  |e autor  |9 374740 
245 1 0 |a Introducción a la Física. 
260 0 3 |a Buenos Aires, Argentina  |b Kapelusz  |c 1996 
300 |a 2 volúmenes 
583 |a last modification  |c 19961206 00:00:00  |k Rodrigo Vera 
650 0 |a Física   |9 227844 
650 0 |a Hidráulica   |9 260193 
650 7 |a PRESION HIDROSTATICA  |2 CL-VaPUC  |9 374742 
650 7 |a PRESION ATMOSFERICA  |2 CL-VaPUC  |9 360580 
650 7 |a COMPRESION  |2 CL-VaPUC  |9 354568 
650 0 |a Gases  |9 260945 
650 0 |a Masa   |9 344731 
650 7 |a REACCION  |2 CL-VaPUC  |9 374743 
650 0 |a Estática  |9 260452 
650 0 |a Gravitación   |9 332312 
650 0 |a Energía   |9 259431 
650 0 |a Trabajo  |9 313876 
650 7 |a POTENCIA  |2 CL-VaPUC  |9 374744 
650 0 |a Dinámica de fluidos  |9 260582 
650 0 |a Termodinámica   |9 259320 
650 0 |a Acústica   |9 265389 
650 0 |a Sonido   |9 261796 
650 0 |a Luz  |9 263172 
650 7 |a FOTOMETRIA  |2 CL-VaPUC  |9 266495 
650 0 |a Optica   |9 263171 
650 0 |a Ondas  |9 260165 
650 0 |a Átomos  |9 259583 
700 0 |a Sabato, Jorge A  |9 374741 
942 |c BK  |2 ddc 
945 |d 19961206 00:00:00  |a nastorga 
952 |0 0  |1 0  |4 0  |6 530_000000000000000_MAI_1996  |7 0  |8 P  |9 275807  |a BIBARQ  |b BIBARQ  |d 2019-11-19  |h v.1  |i 3256766  |o 530 MAI 1996  |p 3256766  |r 2025-01-20  |t 1  |w 2019-11-19  |y BK  |k ARQ 
952 |0 0  |1 0  |4 0  |6 530_000000000000000_MAI_1996  |7 0  |8 P  |9 275808  |a BIBARQ  |b BIBARQ  |d 2019-11-19  |h v.2  |i 3256774  |o 530 MAI 1996  |p 3256774  |r 2025-01-20  |t 1  |w 2019-11-19  |y BK  |k ARQ